00340 2200145 4500001002100000005001500021035002000036245005200056300000800108260003400116082000800150084001200158990001200170990001200182INLIS00000000000259020250605021028 a0010-0625000176 aPengetahuan Teknik Elektroniika /cDrs. Daryono a116 aJakarta :bBumi Aksara,c2004 a600 a600 PEN a0420943 a0420944